|
|
|
|
| LEADER |
02110cam a22003731a 4500 |
| 001 |
AAL8914 |
| 003 |
BD-DhAAL |
| 005 |
20170420102605.0 |
| 008 |
20170520s1996 vra 000 1 eng d |
| 999 |
|
|
|c 38071
|d 38071
|
| 020 |
|
|
|a 0732257522
|c $17.95
|
| 020 |
|
|
|a 9788172235307
|
| 035 |
|
|
|a 2883748
|
| 040 |
|
|
|a ANB:REV
|b eng
|c ANB:REV
|d XNLS
|d BD-DhAAL
|
| 041 |
0 |
|
|a eng
|h por
|
| 082 |
0 |
4 |
|a 869.3
|2 20
|
| 100 |
1 |
|
|a Coelho, Paulo.
|9 21247
|
| 240 |
1 |
0 |
|a Na margem do rio Piedra eu sentei e chorei.
|l English
|
| 245 |
1 |
0 |
|a By the river Piedra I sat down and wept /
|c Paulo Coelho ; translated by Allan R. Clarke.
|
| 260 |
|
|
|a North Blackburn, Vic. :
|a India
|b HarperCollins Publishers,
|c 1996.
|
| 263 |
|
|
|a 9609
|
| 300 |
|
|
|a x, 210 p. :
|c 21 cm.
|
| 651 |
|
0 |
|a Pyrenees (France and Spain)
|x Fiction.
|9 21248
|
| 655 |
|
7 |
|a Love stories.
|2 gsafd
|9 21249
|
| 655 |
|
7 |
|a Fables.
|2 gsafd
|9 21250
|
| 700 |
1 |
|
|a Clarke, Allan R.
|9 21251
|
| 852 |
|
|
|a Savar Campus
|c General Shelf
|
| 942 |
|
|
|2 ddc
|c BK
|
| 952 |
|
|
|0 0
|1 0
|2 ddc
|4 0
|6 869_300000000000000_COE
|7 0
|9 60406
|a SCL
|b SCL
|c GEN
|d 2017-04-20
|e Tajin Boi Ghar
|g 100.00
|l 18
|m 72
|o 869.3 COE
|p 3020008914
|r 2025-05-08
|s 2025-05-01
|t 1
|w 2017-04-20
|y BK
|
| 952 |
|
|
|0 0
|1 0
|2 ddc
|4 0
|6 869_300000000000000_COE
|7 0
|9 60407
|a SCL
|b SCL
|c GEN
|d 2017-04-20
|e Tajin Boi Ghar
|g 100.00
|l 17
|m 58
|o 869.3 COE
|p 3020008915
|r 2026-04-13
|s 2026-02-04
|t 2
|w 2017-04-20
|y BK
|
| 952 |
|
|
|0 0
|1 3
|2 ddc
|4 0
|6 869_300000000000000_COE
|7 0
|9 60408
|a SCL
|b SCL
|c GEN
|d 2017-04-20
|e Tajin Boi Ghar
|g 100.00
|l 1
|m 9
|o 869.3 COE
|p 3020008916
|r 2017-07-12
|s 2017-05-10
|t 3
|w 2017-04-20
|y BK
|
| 952 |
|
|
|0 0
|1 0
|2 ddc
|4 0
|6 869_300000000000000_COE
|7 0
|9 60409
|a SCL
|b SCL
|c GEN
|d 2017-04-20
|e Tajin Boi Ghar
|g 100.00
|l 12
|m 45
|o 869.3 COE
|p 3020008917
|r 2024-04-29
|s 2024-03-31
|t 4
|w 2017-04-20
|y BK
|
| 952 |
|
|
|0 0
|1 0
|2 ddc
|4 0
|6 869_300000000000000_COE
|7 0
|9 60410
|a SCL
|b SCL
|c GEN
|d 2017-04-20
|e Tajin Boi Ghar
|g 100.00
|l 12
|m 73
|o 869.3 COE
|p 3020008918
|r 2022-12-21
|s 2022-11-07
|t 5
|w 2017-04-20
|y BK
|
| 952 |
|
|
|0 0
|1 0
|2 ddc
|4 0
|6 869_300000000000000_COE
|7 0
|9 60411
|a SCL
|b SCL
|c GEN
|d 2017-04-20
|e Tajin Boi Ghar
|g 100.00
|l 14
|m 52
|o 869.3 COE
|p 3020008919
|r 2025-09-15
|s 2025-09-08
|t 6
|w 2017-04-20
|y BK
|